000
00256nam a2200097Ia 4500
001
687314
005
20250826161553.0
008
250824s9999 xx 000 0 und d
245
0
_a
DA VİNCİ BİZE DAHİ DEDİ
_c
JON SCİESZKA
260
_b
GÜNIŞIĞI YAYINLARI
999
_c
687314
_d
687314